| 000 | 01339nas a2200373 4500 | ||
|---|---|---|---|
| 001 | BR8001557 | ||
| 003 | BR-BrBNA | ||
| 005 | 20231205084236.0 | ||
| 007 | ta | ||
| 008 | 230509b bl.|||p| |||| 00| 00por d | ||
| 040 |
_aBR-BrBNA _bpor _cBiblioteca Nacional de Agricultura |
||
| 041 | _a(Pt) | ||
| 072 | _aL30; L36 | ||
| 100 | 1 | _aColnago, G.L. | |
| 100 | 1 | _aCosta, P.M. de A. | |
| 100 | 1 | _aFonseca, J.B. | |
| 100 | 1 | _aSilva, D.J. da | |
| 100 | 1 | _aRostagno, H.S. | |
| 245 | 1 |
_aComposicao quimica e energia metabolizavel de alguns alimentos para poedeiras [Racao; Farelo; Farinha de peixe; Farinha de osso; Farinha de carne; Brasil] _bParte de tese |
|
| 246 | 1 |
_a[Chemical composition and metabolizable energy from some feeds for laying hens [Feed; Bran; Fish meal; Bone meal; Meat meal; Brazil]] _b[Part of thesis] |
|
| 650 | _aNutricao animal | ||
| 650 | _aComposicao de alimento | ||
| 650 | _aRacao | ||
| 650 | _aFarinha de carne | ||
| 650 | _aFarinha de peixe | ||
| 650 | _aFarinha de osso | ||
| 650 | _aFarelo | ||
| 650 | _aGalinha para postura | ||
| 650 | _aComposicao quimica | ||
| 650 | _aAnalise de alimento | ||
| 773 | 0 |
_tRevista da Sociedade Brasileira de Zootecnia (Brazil) _xISSN 0100-4859 _g(1979), v. 8(4) p. 654-665 _wBR8001557 |
|
| 909 |
_a202311 _bLúcia _c55 _dLúcia Elande |
||
| 942 |
_2AGRIS _n0 _cANA |
||
| 999 |
_c103977 _d103977 |
||